000 00646nam a2200289Ia 4500
005 20260324150559.0
008 008 260324s9999 xx 000 0 eng d
020 _a9780429486630
037 _aEBOOK
040 _aCRL
040 _beng
040 _cCRL
041 _2eng
041 _aeng
084 _qCRL
100 _aM. G. Smith
_91226912
245 0 _aGovernment in Zazzau
245 0 _b1800-1950
260 _bTaylor and Francis
260 _c1960
365 _a
365 _b205
856 _uhttp://www.taylorfrancis.com/books/9780429486630
942 _cEBOOK
999 _c1836598
_d1836598